College Football Matchups: Tennessee - Statistics

General Stats
  • This quiz has been taken 316 times
    48 since last reset
  • The average score is 12 of 16
Answer Stats
Games Opponent Subdivision % Correct
108 Alabama Power 4
98%
55 Georgia Power 4
98%
55 Florida Power 4
95%
120 Vanderbilt Power 4
93%
121 Kentucky Power 4
91%
66 Ole Miss Power 4
91%
54 Auburn Power 4
84%
34 LSU Power 4
84%
48 Mississippi State Power 4
84%
42 South Carolina Power 4
84%
21 Arkansas Power 4
82%
44 Georgia Tech Power 4
68%
23 Memphis Group of 5
64%
32 North Carolina Power 4
52%
29 Duke Power 4
43%
44 Chattanooga FCS
23%
No matching quizzes found
Score Distribution
Percent of People with Each Score
Percentile by Number Answered
Your Score History
You have not taken this quiz since the last reset